Quizzes
Events
Quiz Creation
Community
Videos
Private Events
Remove Ads
Sign In
Join for FREE
Feedback
Dark Mode
Quiz Categories
Sports
Geography
Music
Movies
Television
Just For Fun
Miscellaneous
History
Literature
Language
Science
Gaming
Entertainment
Religion
Holiday
For Kids
Quiz Lab
Recent
Popular Today
Quiz Kudos Today
Editor Picks
Curator Picks
Quizzes by...
Day
Popularity
Type
Ratings
Length
Year
Community
Subscriptions
Recent Discussions
Orange Saloon
Badges
Playlists
Quests
Create
Leaderboards
Showdown
Live 5
Trivia Bingo
Activity
Puzzle Library
Sporcle Events
Private Events
Virtual Trivia
Globe League
Become a Host
Pub Owners
SporcleCon
Opinionation
Our Games
Videos
Blog
Mobile Apps
Partnerships
Remove Ads and Go Orange
Feedback
Gaming
Video Games
Board Games
Card Games
Pokémon
Mario
Nintendo
Minecraft
Console
Toys
Legend of Zelda
Gaming
Video Games
Board Games
Card Games
Pokémon
Mario
Nintendo
Minecraft
Console
Toys
Legend of Zelda
Random Quiz
Search Sporcle
×
Quiz Lab
Quiz Lab
Gaming
Publisher
Type in answers that appear in a list
Type in answers that appear in a list
Classic
Best Score? Go Orange.
Top 40 Xbox 360 Games Stats
Can you name the Top 40 Xbox 360 Games?
By
dt1987
12m
40 Questions
737 Plays
737 Plays
737 Plays
Comments
Comments
Give Quiz Kudos
Give Quiz Kudos
-
- Ratings
hide this ad
More Info
Replay
Link that replays current quiz
Next Quiz
Link to next quiz in quiz playlist
You Got
0%
They Got
Avg Score
10%
Avg Friend Score
Upgrade to see
Score Distribution
Jump to the score distribution portion of the page
Score
0/40
Timer
12:00
0
Plays Today
Answer
% Correct
MODERN WARFARE
63.5%
HALO 3
60.7%
MODERN WARFARE 2
51.8%
FIFA 10
34.6%
ASSASSIN'S CREED II
22.8%
WORLD AT WAR
21.4%
FALLOUT 3
18.6%
BORDERLANDS
11.8%
FORZA MOTORSPORT 3
10.4%
LEFT 4 DEAD 2
9.5%
GUITAR HERO 5
9.5%
BATMAN: ARKHAM ASYLUM
6.8%
BAYONETTA
6%
DIRT 2
5.8%
MADDEN NFL 10
5.2%
DRAGON AGE ORIGINS
5%
TEKKEN 6
4.7%
WWE SMACKDOWN VS RAW 2010
4.1%
DARKSIDERS
3.9%
GRAND THEFT AUTO EPISODES - LIBERTY CITY
3.9%
Answer
% Correct
PRO EVOLUTION SOCCER 2010
3.7%
THE BEATLES ROCK BAND
3.7%
DJ HERO
3.5%
PROTOTYPE
3.5%
NEED FOR SPEED SHIFT
3.4%
BAND HERO
3.4%
FIGHT NIGHT ROUND 4
3.3%
GUITAR HERO METALLICA
3.1%
AVATAR
3%
TIGER WOODS PGA TOUR 10
3%
LEGO INDIANA JONES 2
3%
MARVEL ULTIMATE ALLIANCE 2
3%
HARRY POTTER & THE HALF-BLOOD PRINCE
3%
SAW
2.8%
BRUTAL LEGEND
2.8%
LIPS NUMBER ONE HITS
2.7%
Operation Flashpoint: Dragon Rising
2.7%
THE SABOTEUR
2.7%
GHOSTBUSTERS
2.7%
STAR WARS: CLONE WARS
2.7%
Quiz Playlist
Details
Report
Send in Message
Add To Playlist
More Info:
Top 40 Games 9(UK SALES)as of WEEK ENDING 9 January 2010 TITLES HAVE HAD THE : REMOVED FOR EASE
Classic:
Type in answers that appear in a list
Quiz Source
Last Updated: Jun 2, 2017
Quiz Scoreboard
CHALLENGE
Sign Up to Join the Scoreboard
Show All
Scores
Hide
Comments
May contain spoilers
Recently Published
Movies - When Are They Set?
by FPL_Elf
Movies
5m
Popular People in 1961
by mucciniale
History
6m
1-10 Letter E Words III
by El_Dandy
Language
2m
More to Explore
Quiz From the Vault
Featured Blog Post
Where Did the Easter Bunny Come From?
hide this ad
You Might Also Like...
Tags
360
Label
Publisher
Top 40
Xbox
Xbox 360
Today's Top Quizzes in Gaming
Browse Gaming
hide this ad
Today's Top Quizzes in Publisher
Browse Publisher
Top Contributed Quizzes in Gaming
1
Destiny 2 exotic weapons by perk icons
2
Ultimate Genshin Impact Logic Puzzle (up to 4.3)
3
Genshin Impact Logic Puzzle Quiz
4
Who's on the WWE 2K24 Cover?
5
Windmill: Pokémon
6
Franchise by Action Figure
7
Legendary or Exotic?
8
Overwatch 2: Ultimate Ability Icons
9
Overwatch 2 Heroes by Selection Quote
10
Genshin murder mystery
Explore More
Trending Topics
NBA
Harry Potter
Kpop
Disney
Anime
Marvel
Crossword
NFL
WWE
Pokémon
Soccer
The Office
Country
Puzzle
Song
hide this ad
More By:
dt1987
Quiz
Plays
Rating
Category
Featured
Created
Top 40 Xbox 360 Games
737
1.67
Gaming
Jan 14, 2010
Top10MostPaidActors2008
105
4.67
Entertainment
Jan 14, 2010
Go to Creator's Profile
Score Distribution
Quiz Creator Spotlight
dt1987
Follow
Send a Message
Quizzes Created
-
Created Quiz Play Count
-
More By This Creator
Popular Quizzes Today
1
Find the Countries of Europe - No Outlines Minefield
2
Find the US States - No Outlines Minefield
3
The Countries of the World
4
Popular People in 1961
5
US States
6
1-10 Letter E Words III
7
Find the US States
8
One Thing in Common: World Cities II
More Gaming Quizzes
Pick a Pokémon Trio
Published
Trending Quizzes
Risky Map Clicking: Least Populous States A-Z
1-10 Letter F Words
Humor Books: The Subtitles
1-10 Letter G Words
One Thing in Common: United Kingdom
Recently Updated
Leaping Animals
pecheneg
Reality TV Shows (A-Z)
bhenderson79
Rickey Henderson's Hall of Fame Teammates
pecheneg
Champions League XIs: Arsenal
pecheneg
Quick Pick: Celebrities in WWE's Hall of Fame
aduchscher
A-Z Keypad Blitz II
pecheneg
Multiple Oscar Actors
pecheneg
Mystery Phrase Blitz: Oscar 'Best Actors'
pecheneg
F. Scott Fitzgerald Novels
LTH
Pick 3 Villains
ddd62291
Trending Topics
Disney
Kpop
NBA
Marvel
Harry Potter
Anime
Crossword
Puzzle
Song
Soccer
The Office
Pokémon
NFL
Country
WWE
Your Account Isn't Verified!
In order to create a playlist on Sporcle, you need to verify the email address you used during registration. Go to your
Sporcle Settings
to finish the process.
Report this User
Report this user for behavior that violates our
Community Guidelines
.
Details:
Send Report
Go to the Sporcle.com Mobile Site →
Comments